SCM Study guide to the sacraments {ch} / (Record no. 53983)
[ view plain ]
| 000 -LEADER | |
|---|---|
| fixed length control field | 00846nam a22002537a 4500 |
| 005 - DATE AND TIME OF LATEST TRANSACTION | |
| control field | 20250611165815.0 |
| 008 - FIXED-LENGTH DATA ELEMENTS--GENERAL INFORMATION | |
| fixed length control field | 250611b |||||||| |||| 00| 0 eng d |
| 020 ## - INTERNATIONAL STANDARD BOOK NUMBER | |
| International Standard Book Number | 9789622947337 |
| 040 ## - CATALOGING SOURCE | |
| Original cataloging agency | BSOP |
| 041 ## - LANGUAGE CODE | |
| Language code of text/sound track or separate title | Chinese |
| 050 ## - LIBRARY OF CONGRESS CALL NUMBER | |
| Classification number | BV800 |
| 100 ## - MAIN ENTRY--PERSONAL NAME | |
| Personal name | Thompson, Ross |
| 245 ## - TITLE STATEMENT | |
| Linkage | 880-1 |
| Title | SCM Study guide to the sacraments {ch} / |
| Statement of responsibility, etc | Ross Thompson. |
| 250 ## - EDITION STATEMENT | |
| Edition statement | chu ban |
| 264 ## - PRODUCTION, PUBLICATION, DISTRIBUTION, MANUFACTURE STATEMENTS | |
| Place of production, publication, distribution, manufacture | Hong Kong : |
| Name of producer, publisher, distributor, manufacturer | <a href="Chinese Christian Literature Ltd.,">Chinese Christian Literature Ltd.,</a> |
| Date of production, publication, distribution, manufacture | 2014. |
| 300 ## - PHYSICAL DESCRIPTION | |
| Extent | ii, 294p. : |
| Other physical details | illustrations ; |
| Dimensions | 23cm. |
| 440 ## - SERIES STATEMENT/ADDED ENTRY--TITLE | |
| Title | Worship series |
| Volume number/sequential designation | 6 |
| 500 ## - GENERAL NOTE | |
| General note | Translation of: SCM studyguide to the sacraments / Ross Thompson; London : SCM Press, 2006. |
| 504 ## - BIBLIOGRAPHY, ETC. NOTE | |
| Bibliography, etc | Includes bibliographical references and indices. |
| 650 ## - SUBJECT ADDED ENTRY--TOPICAL TERM | |
| Topical term or geographic name as entry element | Sacraments {ch}. |
| 650 ## - SUBJECT ADDED ENTRY--TOPICAL TERM | |
| Topical term or geographic name as entry element | Rites and ceremonies -- History {ch}. |
| 880 ## - ALTERNATE GRAPHIC REPRESENTATION | |
| Linkage | 245-1 |
| a | 聖禮導讀 |
| 942 ## - ADDED ENTRY ELEMENTS (KOHA) | |
| Source of classification or shelving scheme | Library of Congress Classification |
| Item type | Books |
| Withdrawn status | Lost status | Source of classification or shelving scheme | Damaged status | Not for loan | Home library | Current library | Shelving location | Date acquired | Cost, normal purchase price | Serial Enumeration / chronology | Inventory number | Total Checkouts | Full call number | Barcode | Date last seen | Price effective from | Koha item type | Public note |
|---|---|---|---|---|---|---|---|---|---|---|---|---|---|---|---|---|---|---|
| Library of Congress Classification | BSOP Library | BSOP Library | Reference Chinese | 11/27/2016 | 1101.60 | 6 | C-16690 | BV800 W93 2014 | 00062133 | 06/11/2025 | 06/11/2025 | Books | CCLC |
